| 000 | 00772nam a2200217 a 4500 | ||
|---|---|---|---|
| 003 | 0 | ||
| 005 | 20250310123703.0 | ||
| 008 | 080730s19uu xx 00 eng d | ||
| 050 |
_aPGS BF 692.2 _b.P995 2008 |
||
| 100 | _aPyeon, Jeong Moo. | ||
| 245 |
_aGender differences and aggression / _cJeong Moo Pyeon. |
||
| 260 |
_aLas PiƱas City, Philippines : _bSouthville International School and Colleges, _c2008. |
||
| 300 |
_a22 pages : _billustrations ; _c28 cm. |
||
| 504 | _aIncludes bibliographical references. | ||
| 650 | _aAggressiveness in adolescence. | ||
| 650 |
_aAggressiveness _vSex differences. |
||
| 650 |
_aStudents _vPsychology. |
||
| 650 |
_aTeenagers _vPsychology. |
||
| 650 | _aGender identity and behavior in youth. | ||
| 942 |
_2lcc _cPASS |
||
| 999 |
_c98014 _d98014 |
||